Rasagaṅgādhara kā śāstrīya adhyayana. (Record no. 54560)

MARC details
000 -LEADER
fixed length control field 00720cam a22002531 4500
001 - CONTROL NUMBER
control field sa 63002618
003 - CONTROL NUMBER IDENTIFIER
control field DLC
005 - DATE AND TIME OF LATEST TRANSACTION
control field 20260227111935.0
008 - FIXED-LENGTH DATA ELEMENTS--GENERAL INFORMATION
fixed length control field 890601s1962 ii c b 000 0 hino
010 ## - LIBRARY OF CONGRESS CONTROL NUMBER
LC control number sa 63002618
035 ## - SYSTEM CONTROL NUMBER
System control number (OCoLC)19795039
040 ## - CATALOGING SOURCE
Original cataloging agency DLC
Transcribing agency WaU
Modifying agency DLC
042 ## - AUTHENTICATION CODE
Authentication code premarc
043 ## - GEOGRAPHIC AREA CODE
Geographic area code a-ii---
050 00 - LIBRARY OF CONGRESS CALL NUMBER
Classification number PK2916.J33
Item number G8
100 1# - MAIN ENTRY--PERSONAL NAME
Personal name Gupta, Prem Swarup.
245 10 - TITLE STATEMENT
Title Rasagaṅgādhara kā śāstrīya adhyayana.
260 ## - PUBLICATION, DISTRIBUTION, ETC.
Date of publication, distribution, etc. [1962]
300 ## - PHYSICAL DESCRIPTION
Extent 3, 3, 13, 7, 351, 7 p.
Other physical details port.
Dimensions 25 cm.
500 ## - GENERAL NOTE
General note In Hindi.
504 ## - BIBLIOGRAPHY, ETC. NOTE
Bibliography, etc. note Bibliography: p. 1-7 (last group)
600 00 - SUBJECT ADDED ENTRY--PERSONAL NAME
Personal name Jagannātha Paṇḍitarāja.
Title of a work Rasagaṅgādhara.
650 #0 - SUBJECT ADDED ENTRY--TOPICAL TERM
Topical term or geographic name entry element Sanskrit poetry
General subdivision History and criticism.

No items available.

Powered by Koha